El loco estero

Saved in:
Bibliografiske detaljer
Hovedforfatter: Blest Gana, Alberto (Author)
Format: Bog
Sprog:spansk
Udgivet: Santiago Pomaire 1900
Fag:
Tags: Tilføj Tag
Ingen Tags, Vær først til at tagge denne postø!

MARC

LEADER 00000nam a2200000 a 4500
001 UCT5108
003 CL-VaPUC
008 961129e19000000CL |||||||||||||||||spa|d
082 0 4 |a Ch863  |b BLE  |2 21 
100 |a Blest Gana, Alberto  |e author  |9 344235 
245 1 3 |a El loco estero 
300 |a 284 p 
942 |c BK 
945 |d 19961129 00:00:00  |a nastorga 
260 |a Santiago  |b Pomaire  |c 1900 
650 0 |a Novelas chilenas   |9 265425 
583 |a last modification  |c 19961129 00:00:00  |k Rodrigo Vera 
999 |c 254126  |d 254124 
952 |0 0  |1 0  |4 0  |6 CH_863_000000000000000_BLE_1900  |7 0  |8 A  |9 275547  |a BIBEDU  |b BIBEDU  |d 2019-11-19  |i 1446819  |o Ch863 BLE 1900  |p 1446819  |r 2019-11-19  |w 2019-11-19  |y BK  |k LIT 
952 |0 0  |1 0  |4 0  |6 CH_863_000000000000000_BLE_1900  |7 0  |8 A  |9 275548  |a BIBEDU  |b BIBEDU  |d 2019-11-19  |i 3253589  |o Ch863 BLE 1900  |p 3253589  |r 2019-11-19  |w 2019-11-19  |y BK  |k LIT